Concelhos de Leiria no mapa - Statistics

Estatísticas Gerais
  • Esse quiz foi jogado 77 vezes
  • A pontuação média é 12 de 16
Respostas no mapa
Respostas codificadas por cores de uma escala verde-vermelha no mapa do quiz de acordo com a % correta abaixo.
 
Estatísticas das Respostas
Resposta % Correto
Leiria
88%
Nazaré
88%
Peniche
88%
Pombal
88%
Alcobaça
83%
Alvaiázere
79%
Marinha Grande
79%
Castanheira de Pêra
75%
Bombarral
71%
Figueiró dos Vinhos
71%
Óbidos
71%
Pedrógão Grande
71%
Caldas da Rainha
67%
Porto de Mós
67%
Ansião
58%
Batalha
58%
Nenhum quiz correspondente encontrado
Distribuição das Pontuações
Porcentagem de Pessoas com Cada Pontuação
Percentil de Números Respondidos
Sua Pontuação Histórica
Você não jogou esse quiz